00492nam a2200169 a 450000100100000000500170001000800410002702000150006804000250008310000160010824500830012426000410020730000210024849000130026970000270028283000130030900004336920201002040843.0140311s1996 sp 000 0 spa d a8401463068 aDO-SdBNPbspacBNPHU1 aPerry, Anne14aLos Cadáveres de Callander Square /cAnne Perry ; traducción de Rosa Sala. aBarcelona :bPlaza & Janés,c1996. a343 p. ;c18 cm.1 aJetv3061 aSala, Rosad1969-etr. 0aJetv306